000 00214nam a22000977a 4500
999 _c16192
_d16192
003 OSt
008 200619b ||||| |||| 00| 0 eng d
100 _aM.W. TILLYARD
_94611
245 _aSTUDIES IN MILTONE
942 _cBK